Govt. of
Madhya Pradesh

Normal view MARC view

Entry Topical Term

Number of records used in: 1

001 - CONTROL NUMBER

  • control field: 38329

003 - CONTROL NUMBER IDENTIFIER

  • control field: OSt

005 - DATE AND TIME OF LATEST TRANSACTION

  • control field: 20160214113806.0

008 - FIXED-LENGTH DATA ELEMENTS

  • fixed length control field: 160214|| aca||aabn | a|a d

040 ## - CATALOGING SOURCE

  • Original cataloging agency: OSt
  • Transcribing agency: OSt

150 ## - HEADING--TOPICAL TERM

  • Topical term or geographic name entry element: Economics

670 ## - SOURCE DATA FOUND

  • Source citation: Work cat.: (OSt)27859: शर्मा डाॅ. रामविलास 38328, कार्ल मार्क्‍स पूंजी राजनीतिक अर्थशास्‍त्र की आलोचना , 1979